[Event "GER-ch Seniors 50 34th"]
[Site "Magdeburg"]
[Date "2022.08.16"]
[Round "5"]
[White "Puschendorf, Steffen"]
[Black "Zude, Arno"]
[Result "0-1"]
[WhiteElo "2107"]
[BlackElo "2371"]
[PlyCount "60"]
[EventDate "2022.08.12"]
[EventType "swiss"]
[EventRounds "9"]
[EventCountry "GER"]
[SourceTitle "CBM 209 Extra"]
[Source "ChessBase"]
[SourceDate "2022.09.30"]
[SourceVersion "1"]
[SourceVersionDate "2022.09.30"]
[SourceQuality "1"]

1. d4 Nf6 2. c4 e6 3. g3 d5 4. Nf3 dxc4 5. Bg2 a6 6. 0-0 Nc6 7. Bg5 Be7 8. a4 h6 9. Bxf6 Bxf6 10. e3 Rb8 11. a5 b5 12. axb6 cxb6 13. b3 cxb3 14. Qxb3 0-0 15. Nc3 a5 16. Ne4 Be7 17. Rfd1 Nb4 18. Ne5 Bb7 19. Rac1 Rc8 20. Qa4 Rc7 21. Qa1 Rxc1 22. Rxc1 Qa8 23. f3 Rc8 24. Nd7 Rxc1+ 25. Qxc1 Qd8 26. Ne5 Qc8 27. Qxc8+ Bxc8 28. Nc4 a4 29. Nxb6 a3 30. Nc3 Ba6 0-1

[Event "Oberliga Ost-B 2122"]
[Site "Germany"]
[Date "2022.04.02"]
[Round "10.5"]
[White "Lenz, Jonas"]
[Black "Puschendorf, Steffen"]
[Result "1/2-1/2"]
[WhiteElo "2099"]
[BlackElo "2146"]
[PlyCount "118"]
[EventDate "2021.10.10"]
[EventType "team-tourn"]
[EventRounds "11"]
[EventCountry "GER"]
[SourceTitle "EXT 2023"]
[Source "ChessBase"]
[SourceDate "2022.10.05"]
[SourceVersion "1"]
[SourceVersionDate "2022.10.05"]
[SourceQuality "1"]
[WhiteTeam "Bad Homburg"]
[BlackTeam "Gera"]
[WhiteTeamCountry "GER"]
[BlackTeamCountry "GER"]

1. d4 d5 2. c4 e6 3. Nf3 Nf6 4. g3 c6 5. Bg2 Bb4+ 6. Bd2 Bd6 7. Qc2 Ne4 8. Nc3 f5 9. 0-0 0-0 10. Rab1 Nd7 11. b4 Ndf6 12. c5 Bc7 13. Bf4 Bxf4 14. gxf4 Nxc3 15. Qxc3 Ne4 16. Qe3 Bd7 17. Ne5 Be8 18. a4 a6 19. Rb3 Kh8 20. Kh1 Qh4 21. Nf3 Qe7 22. Rg1 Bh5 23. Ne5 Qh4 24. Bxe4 fxe4 25. Qg3 Qxg3 26. fxg3 Bxe2 27. Re1 Bh5 28. b5 axb5 29. axb5 g5 30. Nd7 Rfd8 31. bxc6 bxc6 32. Ne5 gxf4 33. gxf4 Ra2 34. Rh3 Be8 35. Rb1 Rda8 36. Rb7 Ra1+ 37. Kg2 R8a2+ 38. Kg3 Ra3+ 39. Kh4 Rxh3+ 40. Kxh3 Kg8 41. Re7 Kf8 42. Rxe6 e3 43. Kg2 e2 44. Nf3 Bh5 45. Rxe2 Ra3 46. Rf2 Rd3 47. Ne5 Rxd4 48. Nxc6 Rc4 49. Ne5 Rc3 50. Rd2 Ke7 51. Rxd5 Ke6 52. Rd7 Bg6 53. Rd6+ Kf5 54. Nxg6 hxg6 55. c6 Kxf4 56. Rxg6 Rc2+ 57. Kh3 Kf5 58. Rd6 Kf4 59. Re6 Kf5 1/2-1/2

[Event "Arber op 7th"]
[Site "Bodenmais"]
[Date "2018.08.05"]
[Round "9"]
[White "Wacker, Felix"]
[Black "Puschendorf, Steffen"]
[Result "0-1"]
[WhiteElo "1956"]
[BlackElo "2153"]
[PlyCount "70"]
[EventDate "2018.07.28"]
[EventType "swiss"]
[EventRounds "9"]
[EventCountry "GER"]
[SourceTitle "EXT 2019"]
[Source "ChessBase"]
[SourceDate "2018.10.10"]
[SourceVersion "1"]
[SourceVersionDate "2018.10.10"]
[SourceQuality "1"]

1. e4 e6 2. d4 d5 3. Nd2 Nf6 4. e5 Nfd7 5. Bd3 c5 6. c3 Nc6 7. Ne2 cxd4 8. cxd4 f6 9. exf6 Qxf6 10. Nf3 Bd6 11. 0-0 0-0 12. Bg5 Qf7 13. Be3 h6 14. Rc1 e5 15. dxe5 Ndxe5 16. Nxe5 Nxe5 17. Ng3 Bg4 18. Be2 Bxe2 19. Qxe2 Nc4 20. Bd4 Rae8 21. Qd3 Bf4 22. Rc2 b6 23. Rd1 Nd6 24. Bc3 Ne4 25. Bb4 Bxg3 26. f3 Bd6 27. Bxd6 Nxd6 28. Qxd5 Re1+ 29. Kf2 Rxd1 30. Qxd1 Ne4+ 31. Kg1 Nc5 32. b4 Ne6 33. Rd2 Re8 34. Qb3 Rd8 35. Re2 Nd4 0-1

[Event "Arber op 7th"]
[Site "Bodenmais"]
[Date "2018.08.03"]
[Round "7"]
[White "Puschendorf, Steffen"]
[Black "Medunova, Vera"]
[Result "1-0"]
[WhiteElo "2153"]
[BlackElo "2101"]
[PlyCount "161"]
[EventDate "2018.07.28"]
[EventType "swiss"]
[EventRounds "9"]
[EventCountry "GER"]
[SourceTitle "CBM 185 Extra"]
[Source "ChessBase"]
[SourceDate "2018.07.29"]
[SourceVersion "1"]
[SourceVersionDate "2018.07.29"]
[SourceQuality "1"]

1. d4 Nf6 2. c4 c5 3. d5 b5 4. cxb5 a6 5. Nc3 axb5 6. e4 Qa5 7. Bxb5 Nxe4 8. Nge2 Ba6 9. Bxa6 Nxc3 10. Nxc3 Qxa6 11. a4 Qc4 12. Be3 d6 13. Rc1 Na6 14. b3 Qb4 15. 0-0 g6 16. Nb5 Bg7 17. Bd2 Qh4 18. Rc4 Qh5 19. Qxh5 gxh5 20. Re1 Kd7 21. Rce4 Rae8 22. Rh4 e6 23. dxe6+ fxe6 24. Rxh5 d5 25. Re3 Re7 26. Reh3 Bb2 27. Kf1 Nb8 28. Bc3 Bxc3 29. Rxc3 Na6 30. Rch3 Kc6 31. Ke2 Nb4 32. Re5 Rf8 33. Reh5 Rff7 34. Rh6 Rg7 35. Re3 Kd7 36. g3 Rgf7 37. f4 Rf8 38. Kd2 Rff7 39. Rc3 Na6 40. Re3 Nb4 41. Re5 Nc6 42. Rg5 Nb4 43. Rg8 Kc6 44. Rd8 Kb6 45. Rd6+ Ka5 46. Rhxe6 Rxe6 47. Rxe6 Na2 48. Nc3 Nb4 49. Re5 Rd7 50. f5 Kb6 51. f6 Kc6 52. Rf5 Rf7 53. g4 Kd6 54. g5 Ke6 55. Rf1 Nc6 56. Nb5 Ne5 57. h3 d4 58. Na3 Kd5 59. Rf4 Rb7 60. Nc4 Nf7 61. Rf5+ Ke6 62. Rxc5 Rxb3 63. h4 Rh3 64. Rc7 Rxh4 65. Re7+ Kd5 66. Nb6+ Kc6 67. Rxf7 Kxb6 68. Kd3 Kc6 69. Rg7 Kd5 70. Rd7+ Ke5 71. a5 Rh3+ 72. Kc4 Rc3+ 73. Kb4 Rc8 74. Re7+ Kd6 75. Rxh7 d3 76. Rh3 Rb8+ 77. Kc4 Rc8+ 78. Kxd3 Rc5 79. Rf3 Rxa5 80. f7 Ra3+ 81. Ke2 1-0

[Event "Arber op 7th"]
[Site "Bodenmais"]
[Date "2018.08.02"]
[Round "6"]
[White "Hausner, Ivan"]
[Black "Puschendorf, Steffen"]
[Result "1-0"]
[WhiteElo "2321"]
[BlackElo "2153"]
[PlyCount "49"]
[EventDate "2018.07.28"]
[EventType "swiss"]
[EventRounds "9"]
[EventCountry "GER"]
[SourceTitle "CBM 185 Extra"]
[Source "ChessBase"]
[SourceDate "2018.07.29"]
[SourceVersion "1"]
[SourceVersionDate "2018.07.29"]
[SourceQuality "1"]

1. d4 d5 2. c4 c6 3. Nf3 e6 4. g3 dxc4 5. Bg2 b5 6. 0-0 Bb7 7. a4 Nd7 8. Nc3 a6 9. e4 Ngf6 10. e5 Nd5 11. Ne4 h6 12. b3 c3 13. Ne1 Be7 14. Qg4 g6 15. Nd3 Qb6 16. Be3 0-0-0 17. b4 bxa4 18. Ndc5 Nxc5 19. bxc5 Qb5 20. Qf3 Rdf8 21. Rfb1 Qa5 22. Qd1 f5 23. exf6 Nxf6 24. Rxa4 Qc7 25. Bf4 1-0

[Event "Arber op 7th"]
[Site "Bodenmais"]
[Date "2018.07.28"]
[Round "1"]
[White "Tober, Julian"]
[Black "Puschendorf, Steffen"]
[Result "0-1"]
[WhiteElo "1820"]
[BlackElo "2153"]
[PlyCount "92"]
[EventDate "2018.07.28"]
[EventType "swiss"]
[EventRounds "9"]
[EventCountry "GER"]
[SourceTitle "CBM 185 Extra"]
[Source "ChessBase"]
[SourceDate "2018.07.29"]
[SourceVersion "1"]
[SourceVersionDate "2018.07.29"]
[SourceQuality "1"]

1. e4 e6 2. d4 d5 3. Nc3 Bb4 4. e5 c5 5. Bd2 Ne7 6. Nb5 Bxd2+ 7. Qxd2 0-0 8. f4 cxd4 9. Nf3 Nbc6 10. Bd3 Qb6 11. 0-0 Nf5 12. Kh1 a6 13. g4 axb5 14. gxf5 exf5 15. Qg2 Nb4 16. Rg1 g6 17. Qh3 Nxd3 18. cxd3 Kg7 19. Rg5 h6 20. Rg2 b4 21. Nh4 Ra6 22. Nxf5+ Bxf5 23. Qxf5 Kh7 24. Qd7 Qe6 25. Qxb7 Rb6 26. Qa7 Rfb8 27. Rc1 b3 28. a3 R8b7 29. Qa4 h5 30. Qxd4 Rc6 31. Rc3 Rbc7 32. Qb4 d4 33. Rxc6 Rxc6 34. Qxd4 Rc1+ 35. Rg1 Qc6+ 36. Qe4 Rxg1+ 37. Kxg1 Qc1+ 38. Kf2 Qxb2+ 39. Kg3 Qc3 40. Qd5 Kg7 41. Qd8 b2 42. Qf6+ Kg8 43. Qd8+ Kh7 44. Qd5 Kg7 45. f5 b1Q 46. f6+ Kh6 0-1

[Event "Lueneburg op-A"]
[Site "Lueneburg"]
[Date "2018.07.11"]
[Round "7"]
[White "Puschendorf, Steffen"]
[Black "Ploder, Udo"]
[Result "1/2-1/2"]
[WhiteElo "2153"]
[BlackElo "1874"]
[PlyCount "57"]
[EventDate "2018.07.06"]
[EventType "swiss"]
[EventRounds "9"]
[EventCountry "GER"]
[SourceTitle "CBM 185 Extra"]
[Source "ChessBase"]
[SourceDate "2018.07.29"]
[SourceVersion "1"]
[SourceVersionDate "2018.07.29"]
[SourceQuality "1"]

1. d4 Nf6 2. c4 c5 3. d5 b5 4. cxb5 a6 5. bxa6 g6 6. Nc3 Bg7 7. g3 0-0 8. Bg2 d6 9. Nh3 Nxa6 10. 0-0 Qb6 11. Nf4 Bd7 12. Rb1 Rfb8 13. Bd2 Nc7 14. a3 Ng4 15. Nd3 Nb5 16. Nxb5 Bxb5 17. Bf4 Qa6 18. Qc2 Ba4 19. b3 Bxb3 20. Rxb3 Rxb3 21. Qxb3 c4 22. Qb4 cxd3 23. exd3 Qxa3 24. Bxd6 exd6 25. Qxg4 Qxd3 26. Qd7 Be5 27. h4 Ra2 28. Qg4 h5 29. Qe4 1/2-1/2

[Event "Lueneburg op-A"]
[Site "Lueneburg"]
[Date "2018.07.07"]
[Round "3"]
[White "Puschendorf, Steffen"]
[Black "Simantsev, Mikhail"]
[Result "0-1"]
[WhiteElo "2153"]
[BlackElo "2434"]
[PlyCount "66"]
[EventDate "2018.07.06"]
[EventType "swiss"]
[EventRounds "9"]
[EventCountry "GER"]
[SourceTitle "CBM 185 Extra"]
[Source "ChessBase"]
[SourceDate "2018.07.29"]
[SourceVersion "1"]
[SourceVersionDate "2018.07.29"]
[SourceQuality "1"]

1. d4 Nf6 2. c4 e6 3. g3 c5 4. d5 exd5 5. cxd5 d6 6. Nc3 g6 7. Bg2 Bg7 8. Nf3 0-0 9. 0-0 Re8 10. Bf4 Na6 11. Re1 Bg4 12. h3 Bxf3 13. Bxf3 Nd7 14. e4 Ne5 15. Be2 Nc7 16. a4 a6 17. g4 Rb8 18. Qd2 b5 19. Bg3 bxa4 20. f4 Nd7 21. e5 dxe5 22. f5 Rb4 23. Rxa4 Rd4 24. Qc2 Nb6 25. Ra5 Nbxd5 26. Bf3 Nb4 27. Qg2 Nd3 28. Rf1 Nf4 29. Bxf4 exf4 30. Bc6 Rd2 31. Qf3 Bd4+ 32. Kh1 Re3 33. fxg6 hxg6 0-1

[Event "Zirndorf Cup"]
[Site "Zirndorf"]
[Date "2017.09.02"]
[Round "6"]
[White "Puschendorf, Steffen"]
[Black "Koppen, Harald"]
[Result "1-0"]
[WhiteElo "2115"]
[BlackElo "1891"]
[PlyCount "111"]
[EventDate "2017.08.30"]
[EventType "swiss"]
[EventRounds "7"]
[EventCountry "GER"]
[SourceTitle "CBM 180 Extra"]
[Source "ChessBase"]
[SourceDate "2017.10.06"]
[SourceVersion "1"]
[SourceVersionDate "2017.10.06"]
[SourceQuality "1"]

1. d4 Nf6 2. c4 e6 3. g3 c5 4. d5 exd5 5. cxd5 d6 6. Nc3 g6 7. Bg2 Bg7 8. Nf3 0-0 9. 0-0 Re8 10. Bf4 Ne4 11. Nxe4 Rxe4 12. Nd2 Rb4 13. a3 Rxf4 14. gxf4 Bxb2 15. Ra2 Bg7 16. Qb3 Na6 17. e4 Rb8 18. Qg3 b5 19. e5 Nc7 20. Ne4 Nxd5 21. Rd2 Ne7 22. Rxd6 Qc7 23. Rfd1 Be6 24. Qd3 c4 25. Rd8+ Rxd8 26. Qxd8+ Qxd8 27. Rxd8+ Bf8 28. Nc3 a6 29. Bb7 Kg7 30. Bxa6 Nc6 31. Rxf8 Kxf8 32. Nxb5 Ke7 33. Kf1 f6 34. exf6+ Kxf6 35. Ke2 h5 36. Ke3 Kf5 37. Nd6+ Kg4 38. Bxc4 Bxc4 39. Nxc4 Kh3 40. Ne5 Ne7 41. Nxg6 Nxg6 42. f5 Nf8 43. a4 Kg4 44. Ke4 Kg5 45. a5 Nd7 46. Kd5 Kxf5 47. a6 Nb6+ 48. Kd4 Kf4 49. a7 h4 50. Kc5 Na8 51. Kc6 h3 52. Kb7 Kf3 53. Kxa8 Kxf2 54. Kb8 Kg2 55. a8Q+ Kxh2 56. Qf3 1-0

[Event "Zirndorf Cup"]
[Site "Zirndorf"]
[Date "2017.09.02"]
[Round "5"]
[White "Zeltner, Ottmar"]
[Black "Puschendorf, Steffen"]
[Result "0-1"]
[WhiteElo "1968"]
[BlackElo "2115"]
[PlyCount "60"]
[EventDate "2017.08.30"]
[EventType "swiss"]
[EventRounds "7"]
[EventCountry "GER"]
[SourceTitle "CBM 180 Extra"]
[Source "ChessBase"]
[SourceDate "2017.10.06"]
[SourceVersion "1"]
[SourceVersionDate "2017.10.06"]
[SourceQuality "1"]

1. e4 e6 2. d4 d5 3. Nc3 Bb4 4. e5 c5 5. a3 Bxc3+ 6. bxc3 Ne7 7. Nf3 h6 8. Bd3 b6 9. 0-0 Ba6 10. dxc5 bxc5 11. Bxa6 Nxa6 12. c4 0-0 13. Qe2 d4 14. Rd1 Qa5 15. Bd2 Qa4 16. c3 dxc3 17. Bxc3 Rad8 18. Rdc1 Rd7 19. Be1 Rb8 20. Qc2 Qxc2 21. Rxc2 Nc6 22. Kf1 g5 23. h3 Kg7 24. Rac1 Rb3 25. Rc3 Rbb7 26. Bd2 Nxe5 27. Bxg5 Nxf3 28. Bxh6+ Kxh6 29. Rxf3 Nb8 30. Rg3 Nc6 0-1

[Event "Wiesbaden op 29th"]
[Site "Wiesbaden"]
[Date "2017.08.27"]
[Round "7"]
[White "Li, Maxim"]
[Black "Puschendorf, Steffen"]
[Result "0-1"]
[WhiteElo "1932"]
[BlackElo "2115"]
[PlyCount "74"]
[EventDate "2017.08.24"]
[EventType "swiss"]
[EventRounds "7"]
[EventCountry "GER"]
[SourceTitle "CBM 180 Extra"]
[Source "ChessBase"]
[SourceDate "2017.10.06"]
[SourceVersion "1"]
[SourceVersionDate "2017.10.06"]
[SourceQuality "1"]

1. e4 e6 2. d4 d5 3. e5 c5 4. c3 Nc6 5. Nf3 Bd7 6. a3 f6 7. b4 cxd4 8. b5 Nxe5 9. Nxe5 fxe5 10. Qh5+ g6 11. Qxe5 Qf6 12. Qxd4 Qxd4 13. cxd4 Bg7 14. Bb2 Nh6 15. Nd2 Nf5 16. Nb3 Nd6 17. a4 Rc8 18. Rc1 Rxc1+ 19. Nxc1 Kf7 20. Bd3 Rc8 21. Nb3 Nc4 22. Ba1 Na5 23. Nc5 b6 24. Bc3 Rxc5 25. dxc5 Bxc3+ 26. Ke2 bxc5 27. Rb1 c4 28. Bc2 Bd4 29. f4 Bc5 30. g4 Kf6 31. h4 e5 32. g5+ Ke6 33. Rf1 e4 34. h5 Kd6 35. f5 Bxf5 36. Rxf5 gxf5 37. g6 hxg6 0-1

[Event "Wiesbaden op 27th"]
[Site "Wiesbaden"]
[Date "2015.08.27"]
[Round "1"]
[White "Bratmann, Marc"]
[Black "Puschendorf, Steffen"]
[Result "0-1"]
[WhiteElo "1726"]
[BlackElo "2130"]
[PlyCount "68"]
[EventDate "2015.08.27"]
[EventType "swiss"]
[EventRounds "7"]
[EventCountry "GER"]
[SourceTitle "EXT 2016"]
[Source "ChessBase"]
[SourceDate "2015.10.08"]
[SourceVersion "1"]
[SourceVersionDate "2015.10.08"]
[SourceQuality "1"]

1. e4 e6 2. d4 d5 3. e5 c5 4. c3 Nc6 5. Nf3 Bd7 6. a3 f6 7. b4 cxd4 8. cxd4 fxe5 9. dxe5 Qc7 10. Bb2 Nh6 11. Bd3 Nf7 12. Qe2 g6 13. 0-0 Bg7 14. Re1 0-0 15. Nbd2 Qd8 16. Nb3 Ng5 17. Nxg5 Qxg5 18. Rac1 Qd8 19. Qg4 Ne7 20. Nd4 Qb6 21. Qe2 Rf4 22. Rc5 Raf8 23. Rf1 Nc6 24. Nxc6 bxc6 25. Qe3 Qd8 26. Ra5 Bh6 27. Qxa7 Rh4 28. Bc1 Bg7 29. Qe3 Rh5 30. Bb2 Bh6 31. Qe2 Qh4 32. h3 Bf4 33. Rc5 Rg5 34. Bc1 Qxh3 0-1

[Event "Karl Mala Memorial op-A 17th"]
[Site "Frankfurt"]
[Date "2014.08.03"]
[Round "7"]
[White "Puschendorf, Steffen"]
[Black "Syed, Tareq"]
[Result "1/2-1/2"]
[WhiteElo "2168"]
[BlackElo "2027"]
[PlyCount "36"]
[EventDate "2014.07.31"]
[EventType "swiss"]
[EventRounds "7"]
[EventCountry "GER"]
[SourceTitle "EXT 2015"]
[Source "ChessBase"]
[SourceDate "2014.11.20"]
[SourceVersion "1"]
[SourceVersionDate "2014.11.20"]
[SourceQuality "1"]

1. d4 d6 2. c4 c6 3. Nc3 Nf6 4. Nf3 Nbd7 5. g3 e5 6. e4 Be7 7. Bg2 0-0 8. 0-0 Re8 9. h3 b5 10. cxb5 cxb5 11. Nxb5 Bb7 12. d5 Nxe4 13. Nxe5 dxe5 14. Bxe4 Nf6 15. Bg2 Bxd5 16. Be3 a6 17. Nc3 Bxg2 18. Kxg2 Qb8 1/2-1/2

[Event "Nordhausen op 11th"]
[Site "Nordhausen"]
[Date "2011.08.06"]
[Round "5.1"]
[White "Slobodjan, Roman"]
[Black "Puschendorf, Steffen"]
[Result "1-0"]
[WhiteElo "2534"]
[BlackElo "2164"]
[PlyCount "53"]
[EventDate "2011.08.04"]
[EventType "swiss"]
[EventRounds "7"]
[EventCountry "GER"]
[SourceTitle "EXT 2019"]
[Source "ChessBase"]
[SourceDate "2018.10.10"]
[SourceVersion "1"]
[SourceVersionDate "2018.10.10"]
[SourceQuality "1"]

1. Nf3 g6 2. d4 Bg7 3. e4 d6 4. Nc3 c6 5. Be3 Nf6 6. Qd2 Ng4 7. Bg5 h6 8. Bh4 Qb6 9. Bc4 Nd7 10. 0-0-0 Qc7 11. h3 Nb6 12. Bd3 Nf6 13. e5 dxe5 14. Nxe5 Be6 15. Bg3 Qc8 16. Rhe1 0-0 17. Bf4 Kh7 18. Ng4 Bxg4 19. hxg4 Qxg4 20. f3 Qd7 21. Bxh6 Nc4 22. Qg5 Nxb2 23. Kxb2 Qd6 24. Rh1 Qb4+ 25. Kc1 Rh8 26. Bxg7+ Kxg7 27. Qc5 1-0